<?xml version="1.0" encoding="UTF-8"?>
<record
    xmlns:xsi="http://www.w3.org/2001/XMLSchema-instance"
    xsi:schemaLocation="http://www.loc.gov/MARC21/slim http://www.loc.gov/standards/marcxml/schema/MARC21slim.xsd"
    xmlns="http://www.loc.gov/MARC21/slim">

  <leader>00693nam a22001817a 4500</leader>
  <controlfield tag="005">20151204135642.0</controlfield>
  <controlfield tag="008">151204b        mx ||||| |||| 00| 0 spa d</controlfield>
  <datafield tag="050" ind1="0" ind2="4">
    <subfield code="a">HD37.S6</subfield>
    <subfield code="b">A58 2006</subfield>
  </datafield>
  <datafield tag="245" ind1="0" ind2="0">
    <subfield code="a">Antolog&#xED;a de introducci&#xF3;n a la administraci&#xF3;n </subfield>
  </datafield>
  <datafield tag="250" ind1=" " ind2=" ">
    <subfield code="a">1a ed.</subfield>
  </datafield>
  <datafield tag="260" ind1=" " ind2=" ">
    <subfield code="a">M&#xE9;xico:</subfield>
    <subfield code="b">Universidad Michoacana de San Nicol&#xE1;s de Hidalgo</subfield>
  </datafield>
  <datafield tag="260" ind1=" " ind2=" ">
    <subfield code="b">Consejo de Academia de Contabilidad del Bachillerato Nicolaita,</subfield>
    <subfield code="c">2006</subfield>
  </datafield>
  <datafield tag="300" ind1=" " ind2=" ">
    <subfield code="a">360 p. : </subfield>
    <subfield code="b">il. ; </subfield>
    <subfield code="c">29 cm.</subfield>
  </datafield>
  <datafield tag="504" ind1=" " ind2=" ">
    <subfield code="a">Incluye bibliograf&#xED;as</subfield>
  </datafield>
  <datafield tag="650" ind1=" " ind2="4">
    <subfield code="a">Administraci&#xF3;n </subfield>
  </datafield>
  <datafield tag="710" ind1="2" ind2=" ">
    <subfield code="a">Universidad Michoacana de San Nicol&#xE1;s de Hidalgo.</subfield>
    <subfield code="b">Consejo de Academia de Contabilidad del Bachillerato Nicolaita.</subfield>
  </datafield>
  <datafield tag="942" ind1=" " ind2=" ">
    <subfield code="2">lcc</subfield>
    <subfield code="c">LIB</subfield>
  </datafield>
  <datafield tag="999" ind1=" " ind2=" ">
    <subfield code="c">58153</subfield>
    <subfield code="d">58153</subfield>
  </datafield>
  <datafield tag="952" ind1=" " ind2=" ">
    <subfield code="1">0</subfield>
    <subfield code="2">lcc</subfield>
    <subfield code="4">0</subfield>
    <subfield code="7">0</subfield>
    <subfield code="a">BACH-003</subfield>
    <subfield code="b">BACH-003</subfield>
    <subfield code="c">GENERAL</subfield>
    <subfield code="d">2015-12-04</subfield>
    <subfield code="f">1a ed.</subfield>
    <subfield code="i">NMS</subfield>
    <subfield code="k">CSA</subfield>
    <subfield code="o">HD37.S6 A58 2006</subfield>
    <subfield code="p">BPCS000003202</subfield>
    <subfield code="r">2015-12-04 00:00:00</subfield>
    <subfield code="t">1</subfield>
    <subfield code="y">LIB</subfield>
  </datafield>
  <datafield tag="952" ind1=" " ind2=" ">
    <subfield code="1">0</subfield>
    <subfield code="2">lcc</subfield>
    <subfield code="4">0</subfield>
    <subfield code="7">0</subfield>
    <subfield code="a">BACH-003</subfield>
    <subfield code="b">BACH-003</subfield>
    <subfield code="c">GENERAL</subfield>
    <subfield code="d">2015-12-04</subfield>
    <subfield code="f">1a ed.</subfield>
    <subfield code="i">NMS</subfield>
    <subfield code="k">CSA</subfield>
    <subfield code="o">HD37.S6 A58 2006</subfield>
    <subfield code="p">BPCS000003203</subfield>
    <subfield code="r">2015-12-04 00:00:00</subfield>
    <subfield code="t">2</subfield>
    <subfield code="y">LIB</subfield>
  </datafield>
  <datafield tag="952" ind1=" " ind2=" ">
    <subfield code="1">0</subfield>
    <subfield code="2">lcc</subfield>
    <subfield code="4">0</subfield>
    <subfield code="7">0</subfield>
    <subfield code="a">BACH-003</subfield>
    <subfield code="b">BACH-003</subfield>
    <subfield code="c">GENERAL</subfield>
    <subfield code="d">2015-12-04</subfield>
    <subfield code="f">1a ed.</subfield>
    <subfield code="i">NMS</subfield>
    <subfield code="k">CSA</subfield>
    <subfield code="o">HD37.S6 A58 2006</subfield>
    <subfield code="p">BPCS000003204</subfield>
    <subfield code="r">2015-12-04 00:00:00</subfield>
    <subfield code="t">3</subfield>
    <subfield code="y">LIB</subfield>
  </datafield>
</record>
